توظيف النصوص الأدبية في المناهج الدراسية : (حلقة نقاشية) / (Record no. 34015)
[ view plain ]
| 000 -LEADER | |
|---|---|
| fixed length control field | 00784nam a22002057a 4500 |
| 003 - CONTROL NUMBER IDENTIFIER | |
| control field | JO-AjAnu |
| 005 - DATE AND TIME OF LATEST TRANSACTION | |
| control field | 20250930094633.0 |
| 008 - FIXED-LENGTH DATA ELEMENTS--GENERAL INFORMATION | |
| fixed length control field | 250929b jo ||||| |||| 00| 0 ara d |
| 020 ## - INTERNATIONAL STANDARD BOOK NUMBER | |
| International Standard Book Number | 978-9957-19-094-1 |
| 022 ## - INTERNATIONAL STANDARD SERIAL NUMBER | |
| International Standard Serial Number | 6326/11/2024 |
| 040 ## - CATALOGING SOURCE | |
| Original cataloging agency | ANU |
| Transcribing agency | JO-AjAnu |
| 041 ## - LANGUAGE CODE | |
| Language code of original | ARA |
| 100 ## - MAIN ENTRY--PERSONAL NAME | |
| Personal name | عبد الخالق، غسان إسماعيل |
| 9 (RLIN) | 64570 |
| Relator term | مؤلف |
| 245 ## - TITLE STATEMENT | |
| Title | توظيف النصوص الأدبية في المناهج الدراسية : (حلقة نقاشية) / |
| Statement of responsibility, etc. | غسان اسماعيل عبد الخالق |
| 250 ## - EDITION STATEMENT | |
| Edition statement | ط1 |
| 260 ## - PUBLICATION, DISTRIBUTION, ETC. | |
| Place of publication, distribution, etc. | عمان : |
| Name of publisher, distributor, etc. | مؤسسة عبد الحميد شومان، |
| Date of publication, distribution, etc. | 2024 |
| 300 ## - PHYSICAL DESCRIPTION | |
| Extent | 199 صفحة |
| 650 ## - SUBJECT ADDED ENTRY--TOPICAL TERM | |
| Form subdivision | تطوير المناهج-النصوص الأدبية-المناهج-اللغة العربية |
| 942 ## - ADDED ENTRY ELEMENTS (KOHA) | |
| Source of classification or shelving scheme | Library of Congress Classification |
| Koha item type | Books |
| Suppress in OPAC | No |
| Withdrawn status | Lost status | Source of classification or shelving scheme | Damaged status | Not for loan | Home library | Current library | Date acquired | Total Checkouts | Full call number | Barcode | Date last seen | Price effective from | Koha item type |
|---|---|---|---|---|---|---|---|---|---|---|---|---|---|
| Library of Congress Classification | مكتبة جامعة عجلون الوطنية | مكتبة جامعة عجلون الوطنية | 29/09/2025 | LB1570.A23.2024 | A30396 | 29/09/2025 | 29/09/2025 | Books |